00725nam a2200241 a 4500001001300000003000900013005001700022008004100039020002300080082001300103100002300116245004400139260004300183300001000226500003500236505001800271650001300289700002300302902000800325942000700333952012600340999001700466nice12345678IN_TiNIC20260116014412.0140525s2013 anaa grp 000 0 eng  a9789380066820c20000a230bAMA aAmaladoss, Michael aQuest for Godb Doing Theology in India aAnand bGujarat Sahitya Prakash c2013 a286p  aincludes index and biblioraphy2 abiblio, index aTheology1 aAmaladoss, Michael bSRS cBK 001040708StackRoom-aHMIbHMId2014-05-25g200.00l1o230 AMAp024509r2023-09-01s2023-08-31v200.00w2014-05-25yBK c15132d15132